Data analysis for data base design / (Record no. 180189)
[ view plain ]
| 000 -LEADER | |
|---|---|
| fixed length control field | 00589 a2200181 4500 |
| 003 - CONTROL NUMBER IDENTIFIER | |
| control field | Nust |
| 005 - DATE AND TIME OF LATEST TRANSACTION | |
| control field | 20221014170241.0 |
| 010 ## - LIBRARY OF CONGRESS CONTROL NUMBER | |
| LC control number | 83131681 |
| 020 ## - INTERNATIONAL STANDARD BOOK NUMBER | |
| International Standard Book Number | 071313481X (pbk) : |
| 040 ## - CATALOGING SOURCE | |
| Transcribing agency | Nust |
| 082 ## - DEWEY DECIMAL CLASSIFICATION NUMBER | |
| Classification number | 005.74,HOW |
| 100 1# - MAIN ENTRY--PERSONAL NAME | |
| Personal name | Howe, D. R. |
| 9 (RLIN) | 100355 |
| 245 10 - TITLE STATEMENT | |
| Title | Data analysis for data base design / |
| Statement of responsibility, etc. | D R Howe |
| 260 ## - PUBLICATION, DISTRIBUTION, ETC. | |
| Place of publication, distribution, etc. | London : |
| Name of publisher, distributor, etc. | Edward Arnold, |
| Date of publication, distribution, etc. | 1983. |
| 300 ## - PHYSICAL DESCRIPTION | |
| Extent | xii,307 p. |
| 505 ## - FORMATTED CONTENTS NOTE | |
| Formatted contents note | Databases And Data Base Management System (Page-13), Relation Modeling (Page-35), Entity Relationship Modeling (Page-91), Implementation (Page-183). |
| 942 ## - ADDED ENTRY ELEMENTS (KOHA) | |
| Source of classification or shelving scheme | |
| Koha item type | Book |
| Call number prefix | 005.74,HOW |
| Withdrawn status | Lost status | Source of classification or shelving scheme | Damaged status | Not for loan | Permanent Location | Current Location | Shelving location | Date acquired | Full call number | Barcode | Date last seen | Price effective from | Koha item type | Public note |
|---|---|---|---|---|---|---|---|---|---|---|---|---|---|---|
| Military College of Signals (MCS) | Military College of Signals (MCS) | General Stacks | 12/12/2016 | 005.74,HOW | MCS3357 | 12/08/2016 | 12/12/2016 | Book | Almirah No.6, Shelf No.6 |
